| 000 | 00870nam a2200217 a 4500 | ||
|---|---|---|---|
| 001 | 000035351 | ||
| 005 | 20200930074258.0 | ||
| 008 | 111027s1972 ag 000 0 spa d | ||
| 040 |
_aDO-SdBNP _bspa _cBNPHU |
||
| 082 | _axxxx | ||
| 100 | 1 |
_aDreikurs, Rudolf, _d1897- _961138 |
|
| 240 | 1 | 0 |
_aA parent´s guide to child discipline _lEspañol |
| 245 | 1 | 0 |
_aComo lograr la disciplina en el niño y en el adolescente. : _bguía práctica para padres y maestros / _cRudolf Dreikurs, Loren Grey ; versión castellana de Nora Wastson. |
| 260 |
_aBuenos Aires : _bPáidos, _c1972. |
||
| 300 |
_a198 p. ; _c20 cm. |
||
| 490 | 1 |
_aBiblioteca del educador contemporáneo . _aSerie menor _v156 |
|
| 500 | _aTraducido del inglés | ||
| 700 | 1 |
_aGrey, Loren _961139 |
|
| 700 | 1 |
_aWastson, Nora, _etr. _961140 |
|
| 830 | 0 |
_aBiblioteca del educador contemporáneo . _pSerie menor _v156 _961141 |
|
| 999 |
_c34842 _d34842 |
||